|
|
|
|
| LEADER |
01143nam a2200241 a 4500 |
| 001 |
GR-MES8845 |
| 008 |
030908s1995 gr 000 0 gre d |
| 020 |
|
|
|a 9602322284
|
| 040 |
|
|
|a GrPaTEI
|b gre
|c GR-PaULI
|
| 040 |
|
|
|a GrPaTEI
|b gre
|c GR-PaULI
|
| 082 |
|
0 |
|a 331.89
|2 20
|
| 100 |
1 |
|
|a ΜΠΑΣΤΑΣ, ΔΙΟΝΥΣΙΟΣ,
|c Μ.
|
| 245 |
1 |
2 |
|a Η επίλυση των ατομικών εργατικών διαφορών :
|b συστήματα και ταχεία διεξαγωγή της εργατικής δίκης /
|c Διονύσιου Μ. Μπάστα.
|
| 260 |
|
|
|a Αθήνα :
|b Σάκκουλας,
|c 1995
|
| 300 |
|
|
|a 286 σελ. ;
|c 21 εκ.
|
| 500 |
|
|
|a Περιλαμβάνει ευρετήριο
|
| 650 |
|
4 |
|a Εργασιακές Σχέσεις
|
| 650 |
|
4 |
|a ΕΡΓΑΤΙΚΑ ΔΙΚΑΣΤΗΡΙΑ
|
| 650 |
|
4 |
|a ΕΡΓΑΤΙΚΕΣ ΔΙΑΦΟΡΕΣ
|
| 942 |
|
|
|2 ddc
|
| 952 |
|
|
|0 0
|1 0
|2 ddc
|4 0
|6 331_890000000000000_ΜΠΑ
|7 0
|9 279178
|a MSLG
|b MSLG
|c BSC
|d 2021-01-17
|e 24
|f 0
|g 0.00
|l 0
|o 331.89 ΜΠΑ
|p 2420000011892
|r 2021-01-17 00:00:00
|t 1
|w 2021-01-17
|y BK15
|x 20030909 0 1
|x GrPaTEI
|
| 971 |
|
|
|a .b25873167
|b 16-04-20
|c 14-09-16
|
| 999 |
|
|
|c 162634
|d 162634
|